{"text_format":"3","workbook":"xlsx","n_sheets":2,"sheets":["成本分析清单","Sheet1"],"not_rendered":{"images":2,"defined_names":1},"read":"whole","date_system":"1900"}

{"sheet":"成本分析清单","index":0,"n_rows":99,"n_cols":9,"rows_kept":99,"merged":[[0,0,0,7],[1,0,1,7],[2,0,3,0],[2,1,3,1],[2,2,3,2],[2,3,3,3],[2,4,3,4],[2,5,3,5],[2,6,3,6],[2,7,3,7]]}
["控制价清单表"]
["川渝青少年示范性综合实践基地-厨房设备工程--专业分包单位采购控制价清单"]
["序号","工程或费用名称","规格、型号","工作内容","单位","工程数量","全费用综合单价（含税9%(元）","合价(元)"]
[]
[1,"304不锈钢（1.2mm厚）炉后封板","1.2mm厚","1.钢材品种、规格： 304不锈钢炉后封板L*1800*10\n2.钢板厚厚度 ：1.2mm","m2",{"v":75,"d":"75.00"},235.85,17688.75]
[2,"风幕机L1500","L1500","1、名称：风幕机\n2、型号：L1500\n3、功能：贯流式强力送风，轻松在室内外之间形成一道隐形的风幕墙，隔开室内外空气的同时，更可将灰尘，飞虫等阻挡于室外，遮断效果佳，风路升级体现高风速，低噪音运转。","台",{"v":5,"d":"5.00"},{"v":1443,"d":"1443.00"},{"v":7215,"d":"7215.00"},288.4]
[3,"风幕机L1200","L1200","1、名称：风幕机\n2、型号：L1200\n3、功能：贯流式强力送风，轻松在室内外之间形成一道隐形的风幕墙，隔开室内外空气的同时，更可将灰尘，飞虫等阻挡于室外，遮断效果佳，风路升级体现高风速，低噪音运转。","台",{"v":1,"d":"1.00"},{"v":1291.8,"d":"1291.80"},{"v":1291.8,"d":"1291.80"}]
[4,"厨房设备灭火装置控制箱","AC200V","1.名称： 厨房设备灭火装置控制箱\n2.规格 :\n3.安装方式：挂墙安装\n4.其他：专用灭火系统控制箱，符合符合国家消防技术参数要气流，在AC220V、50Hz条件下应能可靠地工作；\n        当需要配置备用电源时其容量应满足在正常监视状态下连续工作24小时,其间应保证厨设灭火系统能可靠启动。","台",{"v":4,"d":"4.00"},{"v":2253,"d":"2253.00"},{"v":9012,"d":"9012.00"}]
[5,"紫外线消毒灯30W","30W","1.名称：紫外线消毒灯\n2.型号 ：30W金属铝头","套",{"v":6,"d":"6.00"},148.04,888.24]
[6,"灭蝇灯30W","30W","1.名称：灭蝇灯\n2.型号 ：30W\n3.其他：360度双面诱捕，杀灭无死角，终结有害蚊虫；\n     全包围外网，排除安全隐患；","套",{"v":6,"d":"6.00"},294.38,1766.28]
[7,"不锈钢发酵柜（13盘）","不锈钢发酵柜（13盘）","1、发酵柜\n2、规格：13盘\n3、其他：\n（1）箱体内外采用优质不锈钢材料制造，经久耐用。\n（2）全自动微电脑触摸式数控系统，能精准控制箱内温、湿度。\n（3）内置式风机循环装置，使箱内温度均匀一致。\n（4）宽敞玻璃视窗和内置照明系统，发酵过程一目了然。\n（5）采用各厂优质电器元件。\n（6）特设自动进水装置和任意调节层架。","台",{"v":1,"d":"1.00"},{"v":2339.4,"d":"2339.40"},{"v":2339.4,"d":"2339.40"}]
[8,"农药残留快速测试仪","/","名称 ：农药残留快速测试仪\n其他：\n1、检测项目包括但不限于： ①有机磷类和氨基甲酸酯类农药残留 ②菊酯类农药残留 。 \n2、LED光源，支持波长410nm，536nm，595nm，620nm，，还可扩展理化项目。\n3、检测通道数≥16个，每个检测通道光源独立，相互不产生干扰，每个通道可单独测试，也可以多通道同时测试，提高检测效率。\n4、仪器可智能识别检测通道放入比色皿，无需人工选择检测通道进行检测。\n5、显示屏≥10.1英寸液晶彩色触摸屏，分辨率≥1280*800。\n6、数据上传：具有USB端口连接电脑；具备WIFI、蓝牙4.0、GPS定位，可实现无线数据传输功能。\n7、具备HDMI高清接口，方便连接多媒体接口进行演示、培训。\n8、内置微型热敏打印机，可随时打印数据，也可外接打印机打印检测报告。\n9、数据导出：可导出到U盘和SD卡。\n10、内置锂电池，可户外使用4小时以上。\n11、内置Android操作系统，无需配置电脑即可独立完成检测及数据传输工作。\n12、四核A17 ARM 1.8GHz处理器，2GB DDR3。\n13、16GB 存储，支持扩展TF卡。\n14、可单独手动输入选择相关样品信息，被检单位信息，并智能保存相应信息至数据库，方便调用。\n15、采用智能控制，智能识别，具有设置、数据统计处理、自动保存、自动打印等功能。可以自动诊断系统故障，同时内置远程监管系统，进行数据传输，方便维护及故障诊断。\n16、内置农药残留国标值，检测结果即时对比国标值自动判读结果。\n17、仪器查询结果可进行数据统计分析，数据筛选查看。\n18、示值误差≤1%\n19、重复性≤0.5%\n20、光电流漂移≤1%\n21、通道间误差≤1%","套",{"v":1,"d":"1.00"},{"v":15984,"d":"15984.00"},{"v":15984,"d":"15984.00"}]
[9,"高温冻库2150*4760*2400（成套设备）","2150*4760*2400","1.名称：高温冻库 \n2.规格：2150*4760*2400\n3.其他：压缩机：采用“谷轮（爱默生）”涡旋机组冷风机采用博世，\n        库板：采用不锈钢晶雪库板，电控柜：\n        全自动数显温控、化霜、电动机综合保护器,相序保护装置，制冷阀件：丹弗斯电心磁阀、膨胀阀，\n        冷库门：塑框门及安全锁。 ","套",{"v":1,"d":"1.00"},{"v":51225,"d":"51225.00"},{"v":51225,"d":"51225.00"}]
[10,"低温冻库2150*4760*2400（成套设备）","2150*4760*2400","1.名称：低温冻库 \n2.规格：2150*4760*2400\n3.其他：压缩机：采用“谷轮（爱默生）”涡旋机组，冷风机采用博世，\n        库板：采用不锈钢晶雪库板;\n        电控柜： 全自动数显温控、化霜、电动机综合保护器,相序保护装置，制冷阀件：丹弗斯电心磁阀、膨胀阀，\n        冷库门：塑框门及安全锁。","套",{"v":1,"d":"1.00"},{"v":51225,"d":"51225.00"},{"v":51225,"d":"51225.00"}]
[11,"不锈钢板通风管道δ1.2mm","δ1.2mm","1.名称：不锈钢通风管道 \n2.形状：矩形 \n3.规格 ：\n4.板材厚度 ：δ≤2\n5.管件、法兰等附件及支架设计要求 \n6.接口形式：氩弧焊接","m2",{"v":781.5,"d":"781.50"},582.69,455372.24]
[12,"止回阀","δ1.2mm","1.名称：止回阀\n2.型号、规格：\n3.含支吊架材料费及制作安装、除锈刷油等\n4.其他：与风管配套，镀锌板δ1.2mm制作而成，风机运转时阀门开启，气流顺利通过，风机停转时阀门关，防止气体倒流。","个",{"v":16,"d":"16.00"},{"v":700,"d":"700.00"},{"v":11200,"d":"11200.00"}]
[13,"70℃防火阀","/","1.名称：70℃防火阀\n2.型号、规格：        ,常开,70℃熔断关闭,五档风量调节,手动复位\n3.含支吊架材料费及制作安装、除锈刷油等\n4.其他：自动关闭装置；阀门叶片090°内5档调节风量；3C认证；","个",{"v":3,"d":"3.00"},{"v":700,"d":"700.00"},{"v":2100,"d":"2100.00"}]
[14,"辅助排油烟风机22KW","22KW","1.名称 ：拍油烟机\n2.规格 ：22KW\n3.形式 ：吊装，减震器为风机定制专用，内置式；承重量：150KG\n4.含支吊架材料费及制作安装、除锈刷油等\n5.其他：具有效率高、噪声低、安装方便、运行平稳、流量大、耐高温等特点，是高层建筑用消防排烟风机更新换代产品，该机结构紧凑、外形美观，箱体采用型材框架，箱板拼装设计","台",{"v":2,"d":"2.00"},{"v":12993,"d":"12993.00"},{"v":25986,"d":"25986.00"}]
[15,"镀锌钢板风柜消音室3000*3000*2800","3000*3000*2800","1.名称 :镀锌钢板风柜消音室\n2.规格 :3000*3000*2800 \n3.其他：对抽排系统运行产生的噪音进行处理，以达到国家环保Ⅱ类标准，噪音低至60分贝。\n  外体：选用δ1.2mm优质镀锌钢板\n  主体：选用120号槽钢为底架，50角钢龙骨；\n  夹层：选用100mm厚防火消音压板\n  内层：选用蜂窝状吸音棉；采用钢丝网内壁加固吸音棉","个",{"v":2,"d":"2.00"},10121.76,20243.52]
[16,"镀锌钢板风管消音器1200*800*1500","1200*800*1500","1.名称 :镀锌钢板风柜消音室\n2.规格 :1200*800*1500\n3.其他：对抽排系统运行产生的噪音进行处理，以达到国家环保Ⅱ类标准，噪音低至60分贝。\n  外体：选用δ1.2mm优质镀锌钢板\n  主体：选用120号槽钢为底架，50角钢龙骨；\n  夹层：选用100mm厚防火消音压板\n  内层：选用蜂窝状吸音棉；采用钢丝网内壁加固吸音棉","个",{"v":4,"d":"4.00"},{"v":5799.6,"d":"5799.60"},{"v":23198.4,"d":"23198.40"}]
[17,"柔性软风管","/","1.名称：软风管 \n2.材质 ：加厚型帆布\n3.规格 ：\n4.风管接头、支架形式、材质：外配法兰盘连接密封，有效缓解震动","节",{"v":4,"d":"4.00"},{"v":264.6,"d":"264.60"},{"v":1058.4,"d":"1058.40"}]
[18,"脚踏式洗手星（四门围边）500*350*400","500*350*400","1.名称：脚踏式洗手星\n2.规格：500*350*400\n3.材质：面板采用304#1.0mm不锈钢制作\n4.工艺：面板及星盆斗采用1.0mm不锈钢焊接制作；\n5.配置：脚踏式水龙头","组",{"v":4,"d":"4.00"},{"v":696.6,"d":"696.60"},{"v":2786.4,"d":"2786.40"}]
[19,"单星水池700*600*800+150","700*600*800+150","1.名称：脚踏式单星水池\n2.规格：700*600*800+150\n3.材质：面板采用304#1.5mm不锈钢制作\n4.工艺：（1）.面板及星盆斗采用不锈钢焊接制作；\n        （2）.横通采用25*1.2mm不锈钢结构管焊接；\n        （3）.采用38*1.2mm不锈钢管做支撑立柱，\n        （4）台脚处连接吕泉记公司不锈钢可调子弹脚，可调节高度；\n5.配置：每个星盆配置一个镀铬水龙头及去水器。","组",{"v":4,"d":"4.00"},{"v":810,"d":"810.00"},{"v":3240,"d":"3240.00"}]
[20,"单星工作台1150*700*800+150","1150*700*800+150","材质：面板采用304#1.5mm不锈钢制作\n工艺：1.面板及星盆斗采用不锈钢焊接制作；\n      2.横通采用25*1.2mm不锈钢结构管焊接；\n      3.采用38*1.2mm不锈钢管做支撑立柱，\n      4.台脚处连接吕泉记公司不锈钢可调子弹脚，可调节高度；\n配置：每个星盆配置一个镀铬水龙头及去水器。","组",{"v":1,"d":"1.00"},{"v":1393.2,"d":"1393.20"},{"v":1393.2,"d":"1393.20"}]
[21,"大单星浸泡池1000*700*800+150","1000*700*800+150","材质：面板采用304#1.5mm不锈钢制作\n工艺：1.面板及星盆斗采用不锈钢焊接制作；\n      2.横通采用25*1.2mm不锈钢结构管焊接；\n      3.采用38*1.2mm不锈钢管做支撑立柱，\n      4.台脚处连接吕泉记公司不锈钢可调子弹脚，可调节高度；\n配置：每个星盆配置一个镀铬水龙头及去水器。","组",{"v":2,"d":"2.00"},{"v":1296,"d":"1296.00"},{"v":2592,"d":"2592.00"}]
[22,"大单星浸泡池1500*800*800+150","1500*800*800+150","材质：面板采用304#1.5mm不锈钢制作\n工艺：1.面板及星盆斗采用不锈钢焊接制作；\n      2.横通采用25*1.2mm不锈钢结构管焊接；\n      3.采用38*1.2mm不锈钢管做支撑立柱，\n      4.台脚处连接吕泉记公司不锈钢可调子弹脚，可调节高度；\n配置：每个星盆配置一个镀铬水龙头及去水器。","组",{"v":1,"d":"1.00"},{"v":1890,"d":"1890.00"},{"v":1890,"d":"1890.00"}]
[23,"大单星洗池1000*800*800+150","1000*800*800+150","材质：面板采用304#1.5mm不锈钢制作\n工艺：1.面板及星盆斗采用不锈钢焊接制作；\n      2.横通采用25*1.2mm不锈钢结构管焊接；\n      3.采用38*1.2mm不锈钢管做支撑立柱，\n      4.台脚处连接吕泉记公司不锈钢可调子弹脚，可调节高度；\n配置：每个星盆配置一个镀铬水龙头及去水器。","组",{"v":3,"d":"3.00"},{"v":1296,"d":"1296.00"},{"v":3888,"d":"3888.00"}]
[24,"双星水池1350*600*800+150","1350*600*800+150","材质：面板采用304#1.5mm不锈钢制作\n工艺：1.面板及星盆斗采用不锈钢焊接制作；\n      2.横通采用25*1.2mm不锈钢结构管焊接；\n      3.采用38*1.2mm不锈钢管做支撑立柱，\n      4.台脚处连接吕泉记公司不锈钢可调子弹脚，可调节高度；\n配置：每个星盆配置一个镀铬水龙头及去水器。","组",{"v":2,"d":"2.00"},{"v":1458,"d":"1458.00"},{"v":2916,"d":"2916.00"}]
[25,"右单星杀鱼台1300*700*800+150","1300*700*800+150","1.名称：脚踏式单星水池\n2.规格：700*600*800+150\n3.材质：面板采用304#1.5mm不锈钢制作\n4.工艺：（1）.面板及星盆斗采用不锈钢焊接制作；\n        （2）.横通采用25*1.2mm不锈钢结构管焊接；\n        （3）.采用38*1.2mm不锈钢管做支撑立柱，\n        （4）台脚处连接吕泉记公司不锈钢可调子弹脚，可调节高度；\n5.配置：每个星盆配置一个镀铬水龙头及去水器。","组",{"v":1,"d":"1.00"},{"v":1458,"d":"1458.00"},{"v":1458,"d":"1458.00"}]
[26,"拖把池带拖把挂钩1300*500*1800","1300*500*1800","1.名称：拖把池带拖把挂钩\n2.材质 ：不锈钢\n2.规格：1300*500*1800","组",{"v":1,"d":"1.00"},{"v":1458,"d":"1458.00"},{"v":1458,"d":"1458.00"}]
[27,"双温水龙头","DN20","1.材质：铜制 \n2.型号、规格 ：DN20\n3.其他：纯铜水龙头采用全铜精制,表面镀铬处理,光泽度高,有较高的抗磨抗腐蚀性能","个",{"v":26,"d":"26.00"},{"v":367.2,"d":"367.20"},{"v":9547.2,"d":"9547.20"}]
[28,"不锈钢洗地龙头（管长10米）","DN20","1.材质：铜制 \n2.型号、规格 ：DN20\n3.其他：纯铜水龙头采用全铜精制,表面镀铬处理,光泽度高,有较高的抗磨抗腐蚀性能","套",{"v":5,"d":"5.00"},{"v":2008.8,"d":"2008.80"},{"v":10044,"d":"10044.00"}]
[29,"风机变频控制箱","/","1.名称 ：风机变频控制箱\n2.型号规格： \n3.安装方式：壁装\n4.其他：操作方便，节能实用。\n        降压启动方式使风机启动平衡，保护电机，延长电机使用寿命，同时消除风机启动时风管由于形变引的噪音。\n        电源缺相过载自动保护。","台",{"v":2,"d":"2.00"},{"v":2160,"d":"2160.00"},{"v":4320,"d":"4320.00"}]
[30,"软化水处理器（处理量：1.5T）","1.5T","1.类型：降低水垢\n2.型号、规格：1.5T","台",{"v":1,"d":"1.00"},{"v":1317.6,"d":"1317.60"},{"v":1317.6,"d":"1317.60"}]
[31,"电力热水器（储水式）320L","320L","1.能源种类 ：电热\n2.型号、容积 ：320L\n3.其他：智能温控系统、高温极限及温度压力安全阀三重保护，温度可调范围：30-80℃\n设计承压能力最高可达1.2MPa，\n专利蓝钻搪瓷内胆、耐压防腐抗垢，强力阳极镁棒保护，\n24小时供热，多点供水；耗电量：54KW","台",{"v":1,"d":"1.00"},{"v":66494,"d":"66494.00"},{"v":66494,"d":"66494.00"}]
[32,"刀具砧板组合消毒柜","电压:220V，功率:3000W，尺寸1200","1.类型 ：刀具砧板组合消毒柜\n2.型号、规格：电压:220V，功率:3000W，尺寸≥1200","台",{"v":1,"d":"1.00"},{"v":3387,"d":"3387.00"},{"v":3387,"d":"3387.00"}]
[33,"刀具消毒柜(8把）","电压:220V，功率:100W","1、电压:220V\n2、功率:100W","台",{"v":2,"d":"2.00"},{"v":993.6,"d":"993.60"},{"v":1987.2,"d":"1987.20"}]
[34,"双门不锈钢门消毒柜680L","680L","1.功率：220V 3KW\n2.不锈钢柜门钢化玻璃透窗发泡门，\n3.全无磁不锈钢箱体全无磁加粗导轨式快餐盘层架，子弹头柜脚\n4.臭氧+紫外线+隐藏式发热体\n5.双控功能，紫外线和烘干。","台",{"v":9,"d":"9.00"},{"v":5036,"d":"5036.00"},{"v":45324,"d":"45324.00"}]
[35,"长龙式洗涤烘干机（洗涤量：3000-5000碟）","/","适用场地        \n●适用于中小型餐厅、咖啡厅、酒吧、宾馆、食堂等\n产品功能        \n●洗涤盘、碗、碟、托盘、刀、叉、调羹等餐具.\n参    数        \n●洗涤筐尺寸     ：500×500×100 mm\n●最大洗涤高度   ：420 mm         \n●耗水量         ：150L  \n●蒸汽耗量       ：50Kg/h          \n●洗涤温度       ：60-65℃\n●漂洗温度       ：75-85℃\n●进水压力       ：0.15-0.4Mpa  \n●进汽压力       ：0.3-0.4Mpa      \n●电源要求       ：380V/50Hz/3N           \n●加热方式       ：电加热型\n●电加热型功率 ：75kw\n●机身长度≥3900mm    ","台",{"v":1,"d":"1.00"},{"v":61460,"d":"61460.00"},{"v":61460,"d":"61460.00"}]
[36,"大三门海鲜蒸柜(燃气)1200*900*1200","1200*900*1200","1.名称：大三门海鲜蒸柜\n2.类型 ：燃气\n3.型号、规格：1200*900*1200 \n4.其他：炉台面及水围采用SUS304不锈钢不锈钢板，面台厚度：1.2mm；炉身及炉背板采用不锈钢板，厚度：1.0mm；内胆外壳不锈钢板，厚度：1.0mm。","台",{"v":1,"d":"1.00"},{"v":10260,"d":"10260.00"},{"v":10260,"d":"10260.00"}]
[37,"燃气蒸饭车（24盘）","/","1.名称：燃气蒸饭车\n2.类型 ：燃气\n3.型号、规格：24盘\n4.其他：柜身、侧板、背板、前挡板、门板均采用1.0mm优质不锈钢磨砂板制作；\n        在正常运行的情况下，设备的噪声为75dB(A)防护性外壳、防护罩和类似部件是不可拆卸的。\n        具有足够的机械强度并牢固固定防护外壳。\n        整体发泡柜体，电子点火，配置熄火保护","台",{"v":4,"d":"4.00"},{"v":5184,"d":"5184.00"},{"v":20736,"d":"20736.00"}]
[38,"蒸汽发生器带熄火保护装置1200*900*700","1200*900*700","1.名称 ：蒸汽发生器带熄火保护装置\n2.型号：1200*900*700 \n3.其他：\n（1）.炉通脚内含支撑炉身的2”钢柱及高度可调子弹脚。\n（2）.采用环保节能型炉头。\n（3）.采用炉、柜一体形式，减压阀，同时装有自动补水功能的不锈钢箱。\n（4）.排烟采用A3板排烟道。\n（5）.产品符合GB 35848-2018《商用燃气燃烧器具》配置熄火保护装置；","台",{"v":1,"d":"1.00"},{"v":5832,"d":"5832.00"},{"v":5832,"d":"5832.00"}]
[39,"双头低背矮汤炉（带熄火保护）1200*700*550+250","1200*700*550+250","1.名称 ：双头低背矮汤炉\n2.类型规格 ：带熄火保护1200*700*550+250\n3.材质：面板选用1.2mm304不锈钢板制作；\n        侧板、背板、前挡板为1.0mm发纹贴塑；\n4.工艺：炉架采用40*40国标角钢加固；\n      炉面下衬3mm防火隔热石棉布；内衬面板、炉膛使用A3黑铁板，并以耐火砖砌实；\n      前沿带溢水排污槽，配挡渣板；\n      炉包选用不锈钢整体冲压件配铸铁炉圈\n      炉灶支撑立柱采用厚度2.0mmφ50的镀锌钢管制作，附不锈钢装饰管；\n      台脚处连接“黄伟”φ50全钢可调子弹脚，可调节高度。\n5.配置：1.炉头，E型低噪音风机，摇摆水龙头，气阀，火种阀，风阀，水阀等配件均采用“黄伟/香港吕泉记\n★产品符合GB 35848-2018《商用燃气燃烧器具》配置熄火保护装置；","台",{"v":1,"d":"1.00"},{"v":4093.2,"d":"4093.20"},{"v":4093.2,"d":"4093.20"}]
[40,"六头煲仔炉（带熄火保护）1200*800*800+150","1200*800*800+150","1.名称 ：六头煲仔炉\n2.类型规格 ：带熄火保护1200*800*800+150\n3.材质：面板采用1.5mm不锈钢制作；\n       前板、侧板、背板采用1.0mm不锈钢制作。\n4.工艺：炉架采用40*40国标角钢加固；\n       300*300生铁炉花板\n       采用38*1.0mm不锈钢管做支撑立柱；\n       台脚处连接“黄伟”φ38半钢可调子弹脚，可调节高度。\n5.配置：炉头、火种喷头、气阀、火种阀等配件均采用“香港吕泉记/黄伟”","台",{"v":1,"d":"1.00"},2388.96,2388.96]
[41,"燃气节能单头大锅灶（带熄火保护）1100*1200*800+400","1100*1200*800+400","1.名称 ：燃气节能单头大锅灶\n2.类型规格 ：带熄火保护1100*1200*800+400\n3.材质：台面及水围基采用304不锈钢磨砂板，厚度1.2MM\n        炉身及炉背板不锈钢磨砂板，厚度1.0mm；\n4.配置：电子打火器；\n       灶头装有直接铜摇摆水龙头；\n       炉灶内采用隔热、降温材料装置,前沿设有档渣排污槽。\n       产品符合GB 35848-2018《商用燃气燃烧器具》配置熄火保护装置；","台",{"v":1,"d":"1.00"},{"v":6458.4,"d":"6458.40"},{"v":6458.4,"d":"6458.40"}]
[42,"燃气节能双头大锅灶（带熄火保护）2000*1200*800+400","2000*1200*800+400","1.名称 ：燃气节能双头大锅灶\n2.类型规格 ：带熄火保护2000*1200*800+400\n3.材质：台面及水围基采用304不锈钢磨砂板，厚度1.2MM\n        炉身及炉背板不锈钢磨砂板，厚度1.0mm；\n4.配置：电子打火器；\n       灶头装有直接铜摇摆水龙头；\n       炉灶内采用隔热、降温材料装置,前沿设有档渣排污槽。\n       产品符合GB 35848-2018《商用燃气燃烧器具》配置熄火保护装置；","台",{"v":4,"d":"4.00"},8544.96,34179.84]
[43,"燃气节能双头单尾小炒灶（带熄火保护）1800*1000*800+400","1800*1000*800+400","1.名称 ：燃气节能双头单尾小炒灶\n2.类型规格 ：带熄火保护1800*1000*800+400\n3.材质：台面及水围基采用304不锈钢磨砂板，厚度1.2MM\n        炉身及炉背板不锈钢磨砂板，厚度1.0mm；\n4.配置：电子打火器；\n       灶头装有直接铜摇摆水龙头；\n       炉灶内采用隔热、降温材料装置,前沿设有档渣排污槽。\n       产品符合GB 35848-2018《商用燃气燃烧器具》配置熄火保护装置；","台",{"v":1,"d":"1.00"},{"v":6696,"d":"6696.00"},{"v":6696,"d":"6696.00"}]
[44,"厨房设备灭火装置专用灭火剂","/","1.介质、类型 ：厨房设备灭火装置专用灭火剂\n2.其他：灭火剂是专门针对油锅火的特性而研制的产品并通过国家质量监督检验中心检验合格。\n        灭火剂是无毒无味的新型环保产品，灭火现场易清洗，无污染，具有灭火速度快、效果好。\n        灭火时灭火剂与高温油质在化学机理反应过程中在油锅的表面产生一层厚厚的泡沫覆盖在油层上面，使油锅火与空气隔绝，不再燃烧，也不能复燃。快速的达到灭火的效果。","套",{"v":4,"d":"4.00"},{"v":3294,"d":"3294.00"},{"v":13176,"d":"13176.00"}]
[45,"厨房设备灭火装置灭火剂储瓶（氮气瓶）","/","1、专用灭火剂储瓶：符合国家质量监督检验的相关要求\n2、氮气瓶：符合国家质量监督检验的相关要求","套",{"v":4,"d":"4.00"},{"v":1836,"d":"1836.00"},{"v":7344,"d":"7344.00"}]
[46,"厨房设备灭火装置不锈钢管管路（管道长度无法计量）","/","1.材质、压力等级 ：不锈钢\n2.规格： \n3.焊接方法 \n4.其他：厨房灶台发生火情时，产生的温度达到探测器熔断温度时，火灾探测器(感温元件)熔断（平时灶台热量达不到感温元件熔断的温度不会造成误喷），使机械控制阀启动。贮气瓶膜片被冲破，气体通过减压装置瞬间驱动灭火剂，通过雾化喷嘴喷出，覆盖在油锅表面，迅速将火扑灭。同时灭火剂通过烟道喷嘴喷洒在烟道内扑灭烟道火焰，本产品采用国家专利油锅专用灭火剂，保证灭火效果和不复燃。\n配置1:灭火剂等专用管路,采用不锈钢管制作，符合国家质量监督检验的相关要求\n配置2:手动启动装置：发现火情时亦可用手启动装置。其灭火工作原理与自动灭火工作原理一样。\n配置4:雾化喷嘴：灶台油锅上方配有特殊雾化喷嘴，灭火时喷射压力平稳，油锅燃油不产生飞溅。在喷洒中灭火剂与高温燃油急速进行化学反应，在油锅内形成厚厚的泡沫层将空气隔绝，达到快速灭火的目的。","m",{"v":98.5,"d":"98.50"},85.95,8466.08]
[47,"厨房餐梯2层2站式","1000*1000*1200","型号：300\n额定速度：0.4\n额定载重：200KG\n停站层数（层/站/门）：2/2\n轿厢尺寸（MAX）：1000*1000*1200\n顶层高度：≥4200\n轿厢轿门：发纹不锈钢\n门保护系统：电磁感应保护系统\n开门方式：手动上下中分\n拽引机系统：异步蜗轮蜗杆拽引机\n减速器：多摩川\n采用德国技术一体化控制器\n芯片：安森美\n整流桥：优派克\n恒频变压器：鸿艺\n继电器：宏发\n主接触器、抱闸线圈接触器、主控电源断路器、控制回路断路器：正泰\n采用德国技术的轿厢电路板、操纵面板、显示电路板、指令板\n安全钳：廊坊奥迅\n限速器：廊坊奥迅\n缓冲器：鸿达/鹏飞/亿隆\n拽因线：天津一线","部",{"v":1,"d":"1.00"},{"v":26296.4,"d":"26296.40"},{"v":26296.4,"d":"26296.40"}]
[48,"电子地秤","/","交直流两用，可充电，采用LED数码显示，带计价功能；量程：150-200kg","台",{"v":1,"d":"1.00"},{"v":842.4,"d":"842.40"},{"v":842.4,"d":"842.40"}]
[49,"六门更衣柜1240*500*1800","1240*500*1800","材质：1.层板、侧板、围板采用304#1.0mm不锈钢制作。\n工艺：1.层板板下均采用加强筋\n      2.柜门采用平开门带锁\n      3.台脚处连接吕记泉公司不锈钢可调子弹脚，可调节高度。","套",{"v":4,"d":"4.00"},1928.06,7712.24]
[50,"四层货架1200*500*1550","1200*500*1550","材料及技术要求：采用食品级304#磨砂不锈钢板\n1、层板采用SUS304不锈板厚1.2㎜；\n2、立柱采用Φ38≥1.0㎜不锈钢圆管，配承重型可调钢子弹脚。\n3、制造工艺要求：①产品外观无杂色，无明显划痕无明显凹凸坑，表面光净、平整，砂纹一致。②焊接处凹凸焊疤，点焊处分布均匀。③点焊及接焊处均有打磨及清理干净，表面无污痕。④没有尖锐之边角以及接焊锈迹现象。","台",{"v":20,"d":"20.00"},1622.11,{"v":32442.2,"d":"32442.20"}]
[51,"四层货架1500*500*1550","1500*500*1550","","台",{"v":6,"d":"6.00"},1908.36,11450.16]
[52,"米面存放架1200*500*300","1200*500*300","材料及技术要求：采用食品级304#磨砂不锈钢板\n1、一体成型工艺，面板厚度≥1.2mm。\n2、脚为38*38*1.0mm304#不锈钢管并配相应可调式不锈钢子弹脚。\n3.称重：能承受≥300kg载荷。","台",{"v":8,"d":"8.00"},537.84,4302.72]
[53,"四门碗柜1200*500*1800","1200*500*1800","材质：1.层板、侧板、围板采用304#1.5mm不锈钢制作。\n工艺：1.层板板下均采用加强筋\n      2.柜门采用吊轮滑动结构，方便使用，减少噪音；\n      3.台脚处连接吕记泉公司不锈钢可调子弹脚，可调节高度。","台",{"v":4,"d":"4.00"},2293.92,9175.68]
[54,"四层冲孔货架1200*500*1550","1200*500*1550","材料及技术要求：采用食品级304#磨砂不锈钢板\n1、层板采用SUS304不锈板厚1.2㎜；\n2、立柱采用Φ38≥1.0㎜不锈钢圆管，配承重型可调钢子弹脚。\n3、制造工艺要求：①产品外观无杂色，无明显划痕无明显凹凸坑，表面光净、平整，砂纹一致。②焊接处凹凸焊疤，点焊处分布均匀。③点焊及接焊处均有打磨及清理干净，表面无污痕。④没有尖锐之边角以及接焊锈迹现象。","台",{"v":1,"d":"1.00"},997.92,997.92]
[55,"双层平板工作台1800*800*800","1800*800*800","材质：1.面板采用304#1.5mm不锈钢制作；\n      2.层板采用1.0mm不锈钢制作。\n工艺：1.面板采用1.5mm不锈钢制作\n      2.面板及层板板下均采用加强筋；\n      3.采用38*1.2mm不锈钢管做支撑立柱；\n      4.台脚处连接吕泉记公司不锈钢可调子弹脚，可调节高度","台",{"v":14,"d":"14.00"},1508.54,21119.56]
[56,"双层平板工作台1800*700*800","1800*700*800",null,"台",{"v":1,"d":"1.00"},1508.54,1508.54]
[57,"双层平板工作台带靠背1000*700*800+150","1000*700*800+150","材质：1.面板采用304#1.5mm不锈钢制作；\n      2.层板采用1.0mm不锈钢制作。\n工艺：1.面板采用1.5mm不锈钢制作\n      2.面板及层板板下均采用加强筋；\n      3.采用38*1.2mm不锈钢管做支撑立柱；\n      4.台脚处连接吕泉记公司不锈钢可调子弹脚，可调节高度","台",{"v":1,"d":"1.00"},{"v":939.6,"d":"939.60"},{"v":939.6,"d":"939.60"}]
[58,"活动双层工作台1800*700*800","1800*700*800","材质：1.面板采用304#1.5mm不锈钢制作；\n      2.层板采用1.0mm不锈钢制作。\n工艺：1.面板采用1.5mm不锈钢制作\n      2.面板及层板板下均采用加强筋；\n      3.采用38*1.2mm不锈钢管做支撑立柱；\n      4.台脚处连接吕泉记公司不锈钢可调子弹脚，可调节高度","台",{"v":1,"d":"1.00"},{"v":1458,"d":"1458.00"},{"v":1458,"d":"1458.00"}]
[59,"活动双层工作台1500*800*800","1500*800*800","材质：1.面板采用304#1.5mm不锈钢制作；\n      2.层板采用1.0mm不锈钢制作。\n工艺：1.面板采用1.5mm不锈钢制作\n      2.面板及层板板下均采用加强筋；\n      3.采用38*1.2mm不锈钢管做支撑立柱；\n      4.台脚处连接吕泉记公司不锈钢可调子弹脚，可调节高度","台",{"v":1,"d":"1.00"},{"v":1296,"d":"1296.00"},{"v":1296,"d":"1296.00"}]
[60,"双通工作台1500*700*800","1500*700*800","材质：1.面板采用304#1.5mm不锈钢制作；\n      2.层板、侧板、围板采用1.0mm不锈钢制作。\n工艺：1.面板采用1.5mm不锈钢制作\n      2.面板及层板下均采用加强筋\n      3.柜门采用吊轮滑动结构，方便使用，减少噪音；\n      4.采用38*1.2mm不锈钢管做支撑立柱；\n      5.台脚处连接吕泉记公司不锈钢可调子弹脚，可调节高度。","台",{"v":1,"d":"1.00"},{"v":2268,"d":"2268.00"},{"v":2268,"d":"2268.00"}]
[61,"双通工作台1800*800*800","1800*800*800","材质：1.面板采用304#1.5mm不锈钢制作；\n      2.层板、侧板、围板采用1.0mm不锈钢制作。\n工艺：1.面板采用1.5mm不锈钢制作\n      2.面板及层板下均采用加强筋\n      3.柜门采用吊轮滑动结构，方便使用，减少噪音；\n      4.采用38*1.2mm不锈钢管做支撑立柱；\n      5.台脚处连接吕泉记公司不锈钢可调子弹脚，可调节高度。","台",{"v":6,"d":"6.00"},{"v":2538,"d":"2538.00"},{"v":15228,"d":"15228.00"}]
[62,"双通工作台1500*800*800","1500*800*800","材质：1.面板采用304#1.5mm不锈钢制作；\n      2.层板、侧板、围板采用1.0mm不锈钢制作。\n工艺：1.面板采用1.5mm不锈钢制作\n      2.面板及层板下均采用加强筋\n      3.柜门采用吊轮滑动结构，方便使用，减少噪音；\n      4.采用38*1.2mm不锈钢管做支撑立柱；\n      5.台脚处连接吕泉记公司不锈钢可调子弹脚，可调节高度。","台",{"v":1,"d":"1.00"},{"v":2538,"d":"2538.00"},{"v":2538,"d":"2538.00"}]
[63,"炉拼台柜300*1200*1200","300*1200*1200","材质：板材采用304#1.5mm不锈钢制作。","台",{"v":7,"d":"7.00"},{"v":939.6,"d":"939.60"},{"v":6577.2,"d":"6577.20"}]
[64,"炉拼台柜300*800*800","300*800*800","材质：板材采用304#1.5mm不锈钢制作","台",{"v":2,"d":"2.00"},{"v":864,"d":"864.00"},{"v":1728,"d":"1728.00"}]
[65,"木案工作台1800*800*800","1800*800*800","1、台面50mm厚实木板；\n2、脚管采用Ф48*1.0mm厚不锈钢圆管；\n3、配不锈钢可调子弹脚。","台",{"v":1,"d":"1.00"},{"v":702,"d":"702.00"},{"v":702,"d":"702.00"}]
[66,"留样冰柜138L","138L","1、电压:220V\n2、温度:0~8℃\n3、容积:288L","台",{"v":1,"d":"1.00"},2114.64,2114.64]
[67,"双门平台雪柜（冷藏）1800*800*800","1800*800*800","材料及技术要求：\n1、采用优质不锈钢雪花砂板，采用名牌压缩机。全铜管盘管，全铜蒸发器，温度范围：保鲜0~12℃：\n2、制冷剂：无氟化碳R134A或R404A,需符合环保要求，内夹层为聚氨基甲酸脂发泡胶隔冷，侧板发泡到顶，机组箱体无缝连接；\n3、制冷形式：单机单温；风冷。\n4、整机容量：400L。\n5、采用微电脑温控器调节柜内温度，温度数显可视；6、四周有凝露管，防止跑冷，四周边装有一圈连续的磁性乙烯基门垫，45度自动回弹门。\n7、重型不锈钢脚座。","台",{"v":3,"d":"3.00"},5909.76,17729.28]
[68,"四门高身雪柜（双温双控）1200*750*1950","1200*750*1950","材料及技术要求：\n1、采用优质不锈钢雪花砂板，采用进口压缩机。全铜管盘管，全铜蒸发器，温度范围：保鲜-2~≦10℃；冷冻-6--18℃。\n2、制冷剂：无氟氯化碳R134A或R404A，需符合环保要求，内夹层为聚氨基甲酸酯发泡胶隔冷，侧板发泡到顶，机组箱体无缝连接；\n3、制冷形式：双机双温，风冷。\n4、整机容量：880L；\n5、采用微电脑温控器调节柜内温度，温度数显可视；\n6、四周有凝露管，防止跑冷，四周边装有一圈连续的磁性乙烯基门垫，45度自动回弹门。\n7、重型不锈钢脚座。","台",{"v":4,"d":"4.00"},9081.72,36326.88]
[69,"六门高身雪柜双机双温1800*750*1950","1800*750*1950","\n1、采用优质不锈钢雪花砂板，采用进口压缩机。全铜管盘管，全铜蒸发器，温度范围：保鲜-2~≦10℃；冷冻-6--18℃。\n2、制冷剂：无氟氯化碳R134A或R404A，需符合环保要求，内夹层为聚氨基甲酸酯发泡胶隔冷，侧板发泡到顶，机组箱体无缝连接；\n3、制冷形式：双机双温，风冷。\n4、整机容量：1500L；\n5、采用微电脑温控器调节柜内温度，温度数显可视；\n6、四周有凝露管，防止跑冷，四周边装有一圈连续的磁性乙烯基门垫，45度自动回弹门。\n7、重型不锈钢脚座。","台",{"v":1,"d":"1.00"},14869.44,14869.44]
[70,"不锈钢油烟净化一体烟罩L*1300*1000","L*1300*1000","1.采用优质不锈钢板制作\n2.额定风量净化率≥97%；\n3.额定风量净化器出口油烟浓度≤0.5mg/m3，额定风量净化出口颗粒物浓度≤2.8mg/m3，额定风量净化器进口非甲烷总烃浓度≤25mg/m3、额定风量净化器进口非甲烷总烃浓度出口浓度≤2mg/m3；\n4.额定风量本体漏风率≤3.8%；\n5.额定风量：≥7500m3/h/组*22；","m",{"v":45,"d":"45.00"},{"v":6069.6,"d":"6069.60"},{"v":273132,"d":"273132.00"}]
[71,"双层四盘烤箱1200*850*1300","1200*850*1300","","台",{"v":1,"d":"1.00"},{"v":6048,"d":"6048.00"},{"v":6048,"d":"6048.00"}]
[72,"电饼铛720*655*745","720*655*745","全不锈钢机身、不锈钢辊轴、安全节能、操作简便、装备恒温装置，工作温度：50℃-300℃","台",{"v":1,"d":"1.00"},{"v":1490.4,"d":"1490.40"},{"v":1490.4,"d":"1490.40"}]
[73,"电磁四头煲仔炉800*800*800","800*800*800","1、额定功率（kw）：14\n2、额定电压：380V三相五线\n3、显示方式：LED提示\n4、档位：5档","台",{"v":1,"d":"1.00"},{"v":4104,"d":"4104.00"},{"v":4104,"d":"4104.00"}]
[74,"揉压面机350型","350型","1、额定电压:220V/1.5kw\n2、生产能力：35kg/h；\n3、压面厚度:5~25mm\n4、全不锈钢板材","台",{"v":1,"d":"1.00"},{"v":3780,"d":"3780.00"},{"v":3780,"d":"3780.00"}]
[75,"搅拌机B20型","B20型","料桶容积：20L\n额定电压：220V/1.1KW\n最大和面量:6KG\n搅拌转速:91/164/294","台",{"v":1,"d":"1.00"},{"v":2106,"d":"2106.00"},{"v":2106,"d":"2106.00"}]
[76,"精装版箱式和面机（容量150L）","容量150L","1、料桶容积：150L\n2、额定电压：380V\n3、额定频率：50Hz\n4、电机功率：2.2KW\n5、工作和面量：50Kg/次\n6、变速箱转动","台",{"v":1,"d":"1.00"},4307.04,4307.04]
[77,"变频多功能切菜机202型","202型","1、将根茎蔬菜：马铃薯、番薯、瓜类、竹笋、洋葱、以及叶菜类蔬菜：芹菜、大白菜、高丽菜、菠菜等蔬果类切成丁、片、丝条状。\n2、更换刀盘或双调频调节输送带与斩刀速度，可切出各种规格的片、丝、丁；\n3、功能强大，一机多用，省时省力；\n4、整机采用全不锈钢制作，卫生、美观、耐用，变频调速简单直接。\n成品形状：片、丝、块。\n5、电源： 220V　单相\n6、功率：1.5KW\n7、产量：850KG/H\n8、尺寸：≥1200*420*1200","台",{"v":1,"d":"1.00"},{"v":20412,"d":"20412.00"},{"v":20412,"d":"20412.00"}]
[78,"绞肉机42A","42A","1、额定电压：380V\n2、额定频率：50Hz\n3、电机功率：4KW\n4、生产能力：600Kg/H","台",{"v":1,"d":"1.00"},2293.92,2293.92]
[79,"切肉切丝机600型","600型","1、能将各种鲜肉一次性切成（丝）条状。\n2、全新的切肉切丝机，全不锈钢机架机身，更符合食品加工的要求；超大的不锈钢料斗设计，更便于实际生产的需求；特色的刀具不锈钢保护罩，更佳美观实用。\n3、刀具组设计为悬臂式，可轻易拆卸、清洗，并能快捷方便地更换不同规格的刀组。加装紧急开关和安\n全开关，可有效地保护使用者的安全。\n4、底部设有脚轮方便移动\n5、电源：220V　\n6、功率：1.8KW\n生产能力：520Kg/H","台",{"v":1,"d":"1.00"},{"v":4266,"d":"4266.00"},{"v":4266,"d":"4266.00"}]
[80,"不锈钢锯骨机310型","310型","1、额定电压：220V\n2、额定频率：50Hz\n3、电机功率：1.8KW\n5、锯条长度：2400MM\n6、工作转速：2800R/MIN\n7、操作尺寸：850*280mm\n8、全不锈钢机身、进口锯条、电机","台",{"v":1,"d":"1.00"},{"v":5292,"d":"5292.00"},{"v":5292,"d":"5292.00"}]
[81,"收残台1500*700*800+150","1500*700*800+150","材质：.面板采用304 1.2mm不锈钢制作\n      2.面板及层板下均采用加强筋\n      3.采用38*1.2mm不锈钢管做支撑立柱；\n      4.台脚处连接吕泉记公司不锈钢可调子弹脚，可调节高度。","台",{"v":1,"d":"1.00"},1507.68,1507.68]
[82,"碗碟传送带连收残台L5000","L5000","采用304#1.5mm不锈钢制作","台",{"v":1,"d":"1.00"},{"v":9212.4,"d":"9212.40"},{"v":9212.4,"d":"9212.40"}]
[83,"收残车900*600*800","900*600*800","材质：.面板采用304 1.2mm不锈钢制作\n      2.面板及层板下均采用加强筋\n      3.采用38*1.2mm不锈钢管做支撑立柱；\n      4.台脚处连接吕泉记公司不锈钢可调子弹脚，可调节高度。","台",{"v":2,"d":"2.00"},{"v":864,"d":"864.00"},{"v":1728,"d":"1728.00"}]
[84,"烤盘架车11层","不锈钢","全不锈钢材质","台",{"v":1,"d":"1.00"},821.88,821.88]
[85,"调料车700*600*800","700*600*800","材质：：1.采用1.2mm 304不锈钢制作\n       2.四个承重轮，2个万向，2个定向","台",{"v":3,"d":"3.00"},908.28,2724.84]
[86,"面粉车500*500*500","500*500*500","材质：板材采用304#1.2mm不锈钢制作","台",{"v":1,"d":"1.00"},{"v":378,"d":"378.00"},{"v":378,"d":"378.00"}]
[87,"平板推车900*600*800","900*600*800","材质：1.面板采用1.5mm 304不锈钢制作\n       2.四个承重轮，2个万向，2个定向","台",{"v":2,"d":"2.00"},{"v":432,"d":"432.00"},{"v":864,"d":"864.00"}]
[88,"三层餐车800*500*800","800*500*800","材质：：1.采用1.2mm 304不锈钢制作\n       2.四个承重轮，2个万向，2个定向","台",{"v":2,"d":"2.00"},{"v":540,"d":"540.00"},{"v":1080,"d":"1080.00"}]
[89,"五格保温汤池柜1800*700*800","1800*700*800","材质：1.面板采用304#1.5mm不锈钢制作；\n      2.层板、侧板、围板采用1.0mm不锈钢制作。\n工艺：1.面板采用1.5mm不锈钢制作\n      2.面板及层板下均采用加强筋\n      3.柜门采用吊轮滑动结构，方便使用，减少噪音；\n      4.采用38*1.2mm不锈钢管做支撑立柱；\n      5.台脚处连接吕泉记公司不锈钢可调子弹脚，可调节高度。","台",{"v":10,"d":"10.00"},{"v":4536,"d":"4536.00"},{"v":45360,"d":"45360.00"}]
[90,"保温桶车700*700*800","700*700*800","1、保温，温度均匀。\n2、功率：3KW/220V\n3、静音带锁万向轮","台",{"v":6,"d":"6.00"},{"v":2376,"d":"2376.00"},{"v":14256,"d":"14256.00"}]
[91,"餐桌（不锈钢8人座）2000*600*750","2000*600*750","1.规格 2000*600*750 \n2.桌面：采用 1.0mm 不锈钢优质磨砂板制作，内衬 15mm 优质木工板，底面做防水，防潮处理 \n3.座凳：300MM 工程塑料凳 带靠背\n4.骨架：采用 50*50 的 1.2MM 钢制矩管制作，经酸洗磷化 处理。 \n5.底座套：采用耐磨防滑胶套","张",{"v":157,"d":"157.00"},{"v":1674,"d":"1674.00"},{"v":262818,"d":"262818.00"}]
[92,"脚手架搭拆","/","1.搭设方式：投标人综合考虑\n2.搭设高度:综合,见设计\n3.脚手架材质:钢管、竹、木支架等综合\n4.本项目投标人应根据设计图、施工组织设计、现场实际情况综合报价，不论采用何种搭设方式该综合单价结算不作调整","项",{"v":1,"d":"1.00"},{"v":7630,"d":"7630.00"},{"v":7630,"d":"7630.00"}]
[93,"其他措施","/","本项由投标人根据设计图、施工组织设计、现场实际情况综合报价，结算不作调整","项",{"v":1,"d":"1.00"},13020.98,13020.98]
[94,"安全文明施工费","/","[项目特征及工程内容]\n满足国家现行的建筑施工安全、施工现场环境与卫生标准和有关规定，购置和更新施工防护用具及设施、改善安全生产条件和作业环境","项",{"v":1,"d":"1.00"},59338.86,59338.86]
[null,"合计",{"$nulls":5},2010521.97]

{"sheet":"Sheet1","index":1,"n_rows":8,"n_cols":25,"rows_kept":8,"hidden":true}
["1 分部分项及单价措施项目",900565.1,920768.62,97127.77,135542.34,18885.7,120008.71,86520.28,414085.79,23307.99,86129.15,24846.63,10202.36,47316.15,60186.46,412962.06,128957.4,39997.18,247568.3,43540.17,494563.99,300000,184086.15,133927.43,{"$f":"SUM(B1:X1)","v":4931095.73}]
["2 总价措施项目",38157.64,35784.42,2113.15,2307.02,1549.07,7959.56,7725.14,9748.03,1357.01,3975.24,1394.21,555.61,3184.64,2900.09,16481.62,6315.95,2178.76,14351.97,2014.04,12298.81,null,644.86,1299.47,{"$f":"SUM(B2:X2)","v":174296.31}]
["2.1 其中：安全文明施工费",36025.52,33784.9,1995.08,2178.11,1462.51,7514.8,7293.48,9203.34,1281.19,3753.13,1316.3,524.56,3006.69,2738.05,15560.68,5963.04,2057.01,13550.02,1901.5,11611.59,null,608.83,1226.86,164557.19]
["4 规费",17095.66,13660.34,804.64,983.25,677.26,3382.16,3306.15,3079.63,569.9,1671.65,611.48,231.32,1350.34,1261.9,7015.59,2674.56,929.06,6309.27,854.19,5308.21,null,283.85,571.14,72631.55]
["6 税前不含税工程造价",955818.4,970213.38,100045.56,138832.61,21112.03,131350.43,97551.57,426913.45,25234.9,91776.04,26852.32,10989.29,51851.13,64348.45,436459.27,137947.91,43105,268229.54,46408.4,512171.01,300000,185014.86,135798.04,5178023.59]
["7 销项增值税额",86023.66,87319.2,9004.1,12494.93,1900.08,11821.54,8779.64,38422.21,2271.14,8259.84,2416.71,989.04,4666.6,5791.36,39281.33,12415.31,3879.45,24140.66,4176.76,46095.39,27000,16651.34,12221.82,466022.11]
["8 附加税",2991.71,3036.77,313.14,434.55,66.08,411.13,305.34,1336.24,78.99,287.26,84.05,34.4,162.29,201.41,1366.12,431.78,134.92,839.56,145.26,1603.1,939,579.1,425.05,16207.25]
["招标控制价/投标报价总价合计=税前不含税工程造价+销项增值税额+附加税",1044833.77,1060569.35,109362.8,151762.09,23078.19,143583.1,106636.55,466671.9,27585.03,100323.14,29353.08,12012.73,56680.02,70341.22,477106.72,150795,47119.37,293209.76,50730.42,559869.5,327939,202245.3,148444.91,5660252.95]